[Event "Lutsk Nebesna Sotnya Memorial blitz"]
[Site "Lutsk"]
[Date "2015.02.20"]
[Round "17"]
[White "Golichenko, Ilja"]
[Black "Alexikov, Alexander"]
[Result "1-0"]
[WhiteElo "2429"]
[BlackElo "2352"]
[PlyCount "113"]
[EventDate "2015.02.20"]
[EventType "swiss (blitz)"]
[EventRounds "22"]
[EventCountry "UKR"]
[SourceTitle "CBM 165 Extra"]
[Source "ChessBase"]
[SourceDate "2015.04.21"]
[SourceVersion "1"]
[SourceVersionDate "2015.04.21"]
[SourceQuality "1"]

1. d4 Nf6 2. c4 g6 3. Nc3 Bg7 4. e4 d6 5. Be2 0-0 6. Bg5 h6 7. Be3 e5 8. d5 a5 9. f3 Na6 10. Qd2 Kh7 11. Bd3 Nb4 12. Bb1 c5 13. a3 Na6 14. Bc2 Nc7 15. Nge2 Bd7 16. a4 Na6 17. g4 Nb4 18. 0-0-0 Nxc2 19. Qxc2 Ne8 20. Ng3 Qh4 21. Kb1 Nc7 22. Nb5 Nxb5 23. cxb5 Qh3 24. Rhg1 Bf6 25. Qg2 Qxg2 26. Rxg2 Bg5 27. Bd2 Bf4 28. Bxf4 exf4 29. Ne2 g5 30. h4 Kg7 31. hxg5 hxg5 32. Rh2 Rh8 33. Rdh1 Rxh2 34. Rxh2 Kf6 35. Rh6+ Ke7 36. Rh5 Rg8 37. Nc1 Be8 38. Nb3 b6 39. Nd2 Rg7 40. Nc4 f5 41. Rh6 fxe4 42. Re6+ Kd8 43. Rxd6+ Kc7 44. fxe4 Bg6 45. Re6 f3 46. Nd2 f2 47. Rf6 Rf7 48. Rxg6 f1Q+ 49. Nxf1 Rxf1+ 50. Kc2 Rf4 51. Kd3 Rxg4 52. Rc6+ Kb7 53. d6 Rh4 54. d7 Rh8 55. e5 Rh3+ 56. Ke4 Rh4+ 57. Kf5 1-0

[Event "Marianske Lazne GM 13th"]
[Site "Marianske Lazne"]
[Date "2014.01.24"]
[Round "8"]
[White "Golichenko, Ilja"]
[Black "Donchenko, Alexander"]
[Result "1/2-1/2"]
[WhiteElo "2430"]
[BlackElo "2449"]
[PlyCount "124"]
[EventDate "2014.01.18"]
[EventType "tourn"]
[EventRounds "9"]
[EventCountry "CZE"]
[EventCategory "8"]
[SourceTitle "CBM 158 Extra"]
[Source "ChessBase"]
[SourceDate "2014.02.28"]
[SourceVersion "1"]
[SourceVersionDate "2014.02.28"]
[SourceQuality "1"]

1. d4 d5 2. c4 dxc4 3. Nf3 a6 4. e3 e6 5. Bxc4 c5 6. 0-0 Nf6 7. Nc3 b5 8. Be2 Nbd7 9. d5 exd5 10. Nxd5 Bb7 11. Nxf6+ Qxf6 12. a4 b4 13. e4 Be7 14. Bc4 Nb6 15. Ba2 a5 16. Qc2 0-0 17. Bg5 Qd6 18. Rfd1 Qc7 19. Be3 Rac8 20. Nd2 Qc6 21. Rdc1 Rfd8 22. f3 Ba6 23. Nc4 Nxc4 24. Bxc4 Bxc4 25. Qxc4 Bf6 26. Rc2 Qd7 27. Kf1 Qd3+ 28. Qxd3 Rxd3 29. Ke2 Rb3 30. Rb1 c4 31. f4 Bc3 32. Bb6 Re8 33. e5 f6 34. Rcc1 Rxb2+ 35. Rxb2 Bxb2 36. Rxc4 fxe5 37. Bxa5 exf4+ 38. Kd3 Re3+ 39. Kc2 Re2+ 40. Kb3 Rxg2 41. Rxf4 Be5 42. Re4 Rb2+ 43. Kc4 Bd6 44. Re6 Bf8 45. Re3 Rxh2 46. Bb6 Ra2 47. a5 Bd6 48. Rd3 b3 49. Rxb3 Kf7 50. Kd5 Bf4 51. Rf3 g5 52. Kc6 Kg6 53. Kb7 h5 54. a6 Kf5 55. a7 h4 56. Rf2 Ra4 57. a8Q Rxa8 58. Kxa8 h3 59. Bc7 Kg4 60. Bd8 Kg3 61. Bxg5 Bxg5 62. Rb2 h2 1/2-1/2

[Event "Marianske Lazne GM 13th"]
[Site "Marianske Lazne"]
[Date "2014.01.23"]
[Round "7"]
[White "Chernyshov, Konstantin"]
[Black "Golichenko, Ilja"]
[Result "1-0"]
[WhiteElo "2520"]
[BlackElo "2430"]
[PlyCount "61"]
[EventDate "2014.01.18"]
[EventType "tourn"]
[EventRounds "9"]
[EventCountry "CZE"]
[EventCategory "8"]
[SourceTitle "CBM 158 Extra"]
[Source "ChessBase"]
[SourceDate "2014.02.28"]
[SourceVersion "1"]
[SourceVersionDate "2014.02.28"]
[SourceQuality "1"]

1. d4 Nf6 2. c4 e6 3. Nf3 d5 4. e3 Be7 5. b3 0-0 6. Bd3 dxc4 7. bxc4 c5 8. 0-0 b6 9. Bb2 Nc6 10. Nbd2 Bb7 11. Rc1 Rc8 12. Bb1 Qc7 13. a3 cxd4 14. exd4 Rfd8 15. Qc2 g6 16. Rfe1 Nh5 17. Ba2 Na5 18. Qb1 Bf6 19. d5 Bxb2 20. Qxb2 Nf4 21. Ne4 Nh5 22. Nf6+ Nxf6 23. Qxf6 Re8 24. Ne5 Rf8 25. dxe6 fxe6 26. Qxe6+ Kh8 27. Nd7 Rce8 28. Qh3 Kg7 29. Nxf8 Rxf8 30. c5 bxc5 31. Qc3+ 1-0

[Event "Marianske Lazne GM 13th"]
[Site "Marianske Lazne"]
[Date "2014.01.21"]
[Round "4"]
[White "Golichenko, Ilja"]
[Black "Repka, Christopher"]
[Result "1/2-1/2"]
[WhiteElo "2430"]
[BlackElo "2349"]
[PlyCount "72"]
[EventDate "2014.01.18"]
[EventType "tourn"]
[EventRounds "9"]
[EventCountry "CZE"]
[EventCategory "8"]
[SourceTitle "CBM 158 Extra"]
[Source "ChessBase"]
[SourceDate "2014.02.28"]
[SourceVersion "1"]
[SourceVersionDate "2014.02.28"]
[SourceQuality "1"]

1. d4 e6 2. c4 Nf6 3. Nc3 Bb4 4. Qc2 c5 5. dxc5 0-0 6. a3 Bxc5 7. Nf3 Nc6 8. Bg5 Nd4 9. Nxd4 Bxd4 10. e3 Qa5 11. exd4 Qxg5 12. Qd2 Qxd2+ 13. Kxd2 d6 14. Be2 e5 15. Nb5 Rd8 16. Rhd1 Bd7 17. Nxd6 exd4 18. c5 Bc6 19. Bf3 Bxf3 20. gxf3 b6 21. b4 bxc5 22. bxc5 Nd7 23. Nb7 Rdc8 24. Rdc1 Rab8 25. Rab1 Rc6 26. f4 g6 27. Rb4 Rbc8 28. Rbc4 R8c7 29. Rb4 Nxc5 30. Nxc5 Rxc5 31. Rxc5 Rxc5 32. Rxd4 Rh5 33. Ra4 Rxh2 34. Ke3 Rh3+ 35. f3 Rh2 36. Rxa7 Ra2 1/2-1/2

[Event "Marianske Lazne GM 13th"]
[Site "Marianske Lazne"]
[Date "2014.01.19"]
[Round "2"]
[White "Golichenko, Ilja"]
[Black "Mammadov, Zaur Fazahir Oglu"]
[Result "0-1"]
[WhiteElo "2430"]
[BlackElo "2432"]
[PlyCount "54"]
[EventDate "2014.01.18"]
[EventType "tourn"]
[EventRounds "9"]
[EventCountry "CZE"]
[EventCategory "8"]
[SourceTitle "CBM 158 Extra"]
[Source "ChessBase"]
[SourceDate "2014.02.28"]
[SourceVersion "1"]
[SourceVersionDate "2014.02.28"]
[SourceQuality "1"]

1. d4 d5 2. c4 c6 3. Nf3 Nf6 4. Nc3 dxc4 5. a4 Bf5 6. Ne5 e6 7. g3 c5 8. Bg2 cxd4 9. Bxb7 Qc7 10. Bxa8 Qxe5 11. Bf4 Qc5 12. Bxb8 dxc3 13. bxc3 Qc8 14. e4 Nxe4 15. Qb1 Nxc3 16. Qb7 Qxb7 17. Bxb7 Bb4 18. 0-0 a5 19. Bf3 0-0 20. Be5 Nd5 21. Rfd1 f6 22. Bd4 c3 23. g4 Bg6 24. Re1 Kf7 25. Be4 Rc8 26. Bxg6+ hxg6 27. f3 Rc4 0-1

[Event "Lvov Vasylyshyn Memorial GM 10th"]
[Site "Lvov"]
[Date "2013.11.24"]
[Round "6"]
[White "Okhotnik, Vladimir"]
[Black "Golichenko, Ilja"]
[Result "0-1"]
[WhiteElo "2421"]
[BlackElo "2451"]
[PlyCount "50"]
[EventDate "2013.11.19"]
[EventType "tourn"]
[EventRounds "9"]
[EventCountry "UKR"]
[EventCategory "8"]
[SourceTitle "CBM 157 Extra"]
[Source "ChessBase"]
[SourceDate "2013.12.19"]
[SourceVersion "1"]
[SourceVersionDate "2013.12.19"]
[SourceQuality "1"]

1. d4 Nf6 2. Nf3 e6 3. Bf4 b6 4. e3 Bb7 5. Bd3 c5 6. c3 d6 7. h3 Nbd7 8. 0-0 a6 9. Bh2 Rg8 10. Nbd2 g5 11. Ne1 g4 12. hxg4 Nxg4 13. e4 Nxh2 14. Kxh2 Qh4+ 15. Kg1 Nf6 16. Ndf3 Qh3 17. Qe2 Bh6 18. g3 Nh5 19. Nh2 Nf4 20. Qf3 Rg5 21. Rd1 f5 22. d5 Rh5 23. Qh1 fxe4 24. gxf4 Bxf4 25. Qg2 Rg5 0-1